| 000 | 00000nam##2200000za#4500 |
| 001 | 9.575566 |
| 003 | CaOODSP |
| 005 | 20210624184727 |
| 007 | cr ||||||||||| |
| 008 | 150406|2008||||xxc|||||o f|0| 0 eng|d |
| 040 | |aCaOODSP|beng |
| 043 | |an-cn--- |
| 086 | 1 |aTU3-5/08-12E-PDF |
| 110 | 2 |aTransportation Safety Board of Canada. |
| 245 | 10|aControlled flight into terrain - Canadian Helicopters Limited Sikorsky S-76A (Helicopter), C-GIMR Temagami, Ontario, 8 February 2008 |h[electronic resource] |
| 260 | |aGatineau - Quebec : |bTransportation Safety Board of Canada |c[2008]. |
| 300 | |a12p.|bcoloured illus., fig., references |
| 490 | 1 |aAviation investigation report |vA08O0029 |
| 590 | |a13-03-Supp|b2013-02-11 |
| 775 | 08|tImpact sans perte de contrôle de l'hélicoptère Sikorsky S-76A C-GIMR exploité par Canadian Helicopters Limited à Temagami (Ontario), le 8 février 2008 |w(CaOODSP)9.605060 |
| 830 | #0|aAviation investigation report ;|vA08O0029|w(CaOODSP)9.504825 |
| 856 | 40|ahttp://publications.gc.ca|qPDF|s433 KB|uhttps://publications.gc.ca/collections/collection_2013/bst-tsb/TU3-5-08-12-eng.pdf|yA08O0029 |